[Event "COL-ch Intercoleg-A"]
[Site "Bucaramanga"]
[Date "2011.10.20"]
[Round "3.5"]
[White "Fiesco, Valentina"]
[Black "Gomez Jaimes, Maria Estefany"]
[Result "1-0"]
[WhiteElo "1991"]
[BlackElo "1456"]
[PlyCount "107"]
[EventDate "2011.10.19"]
[EventType "swiss"]
[EventRounds "6"]
[EventCountry "COL"]
[SourceTitle "EXT 2024"]
[Source "ChessBase"]
[SourceDate "2023.10.10"]
[SourceVersion "1"]
[SourceVersionDate "2023.10.10"]
[SourceQuality "1"]

1. d4 d5 2. Nf3 Nc6 3. c4 e6 4. e3 b6 5. Nc3 Bb4 6. Bd2 Ba6 7. Qa4 Bb7 8. Ne5 Bxc3 9. Bxc3 Nge7 10. Be2 Rf8 11. a3 a6 12. Bb4 b5 13. cxb5 axb5 14. Qxb5 f6 15. Bxe7 Kxe7 16. Nxc6+ Bxc6 17. Qxc6 Rb8 18. b4 Rb6 19. Qc5+ Kf7 20. 0-0 e5 21. Rac1 Re8 22. Qxc7+ Qxc7 23. Rxc7+ Kf8 24. dxe5 Rxe5 25. Rd1 Rd6 26. Kf1 Rde6 27. Rd7 Re7 28. R1xd5 Rxd5 29. Rxd5 Ra7 30. Ra5 Rc7 31. Ke1 Rc1+ 32. Bd1 g5 33. a4 h5 34. b5 Rc4 35. Ra6 Kg7 36. b6 Kg6 37. a5 Rb4 38. Ra7 Kf5 39. b7 Ke6 40. a6 Kd6 41. Ra8 Kc7 42. Rc8+ Kd7 43. b8Q Rxb8 44. Rxb8 Ke6 45. a7 f5 46. a8Q h4 47. Rd8 Kf6 48. Qd5 Kg6 49. Qe6+ Kh7 50. Rf8 Kg7 51. Qf6+ Kh7 52. Qf7+ Kh6 53. Rg8 f4 54. Qg6# 1-0

[Event "COL-ch Intercoleg-A"]
[Site "Bucaramanga"]
[Date "2011.10.19"]
[Round "2.9"]
[White "Gomez Jaimes, Maria Estefany"]
[Black "Campos Argumedo, Daniela Fabiola"]
[Result "1-0"]
[WhiteElo "1456"]
[BlackElo "1248"]
[PlyCount "57"]
[EventDate "2011.10.19"]
[EventType "swiss"]
[EventRounds "6"]
[EventCountry "COL"]
[SourceTitle "EXT 2024"]
[Source "ChessBase"]
[SourceDate "2023.10.10"]
[SourceVersion "1"]
[SourceVersionDate "2023.10.10"]
[SourceQuality "1"]

1. c4 e5 2. Nc3 Bb4 3. Nd5 a5 4. a3 Bc5 5. e3 Ne7 6. Qg4 d6 7. Qxg7 Ng6 8. Nf6+ Ke7 9. Nxh7 Qe8 10. Qf6+ Kd7 11. Ng5 Rf8 12. h4 Qe7 13. Qg7 Qd8 14. Bd3 Ke8 15. Bxg6 Qe7 16. Bxf7+ Kd7 17. N1f3 b6 18. h5 e4 19. Nh4 d5 20. Ng6 Qxg5 21. Nxf8+ Ke7 22. Qxg5+ Kxf7 23. h6 d4 24. h7 Bxf8 25. h8Q Be7 26. Rh7+ Ke6 27. Qge5+ Kd7 28. Qf8 Nc6 29. Qd5# 1-0